| 000 | 00520nam a2200145Ia 4500 | ||
|---|---|---|---|
| 008 | 170221s9999 xx 000 0 und d | ||
| 100 | _aDuncan, Denise D. | ||
| 245 | _aCommunicating with Informal Sector Clients: A study of Strategies Employed by Ghana Commercial Bank and Unibank Ghana Limited | ||
| 245 | _cDenise D. Duncan. | ||
| 260 | _bStudies in Media and Communication | ||
| 260 | _c2013 | ||
| 650 | _xCommunication | ||
| 650 | _xMedia Arts | ||
| 856 | _uhttp://redfame.com/journal/index.php/smc/issue/view/06 | ||
| 999 |
_c310576 _d310576 |
||